Basic technical mathematics with calculus / (Record no. 1652)

000 -LEADER
fixed length control field 01126cam a2200373 a 4500
003 - CONTROL NUMBER IDENTIFIER
control field CaAEU
005 - DATE AND TIME OF LATEST TRANSACTION
control field 20210629092206.0
008 - FIXED-LENGTH DATA ELEMENTS--GENERAL INFORMATION
fixed length control field 980812s2000 maua 001 0 eng
020 ## - INTERNATIONAL STANDARD BOOK NUMBER
International Standard Book Number 020135666X
020 ## - INTERNATIONAL STANDARD BOOK NUMBER
International Standard Book Number 9780201356663
020 ## - INTERNATIONAL STANDARD BOOK NUMBER
International Standard Book Number 9780201519037
020 ## - INTERNATIONAL STANDARD BOOK NUMBER
International Standard Book Number 0201519038
040 ## - CATALOGING SOURCE
Transcribing agency DLC
049 ## - LOCAL HOLDINGS (OCLC)
Holding library UABA
050 00 - LIBRARY OF CONGRESS CALL NUMBER
Classification number QA37.2
Item number .W37 2000
090 ## - LOCALLY ASSIGNED LC-TYPE CALL NUMBER (OCLC); LOCAL CALL NUMBER (RLIN)
Classification number (OCLC) (R) ; Classification number, CALL (RLIN) (NR) QA 37.2 W37 2000
Local cutter number (OCLC) ; Book number/undivided call number, CALL (RLIN) AEU
100 1# - MAIN ENTRY--PERSONAL NAME
Personal name Washington, Allyn J.
245 10 - TITLE STATEMENT
Title Basic technical mathematics with calculus /
Statement of responsibility, etc. Allyn J. Washington.
250 ## - EDITION STATEMENT
Edition statement 7th ed., Metric version.
260 ## - PUBLICATION, DISTRIBUTION, ETC.
Place of publication, distribution, etc. Reading, Mass. :
Name of publisher, distributor, etc. Addison-Wesley,
Date of publication, distribution, etc. c2000.
300 ## - PHYSICAL DESCRIPTION
Extent xvi, 963, 21, 67, 22, 18 p. :
Other physical details ill. (some col.) ;
Dimensions 27 cm.
336 ## - CONTENT TYPE
Content type term text
Content type code txt
Source rdacontent
337 ## - MEDIA TYPE
Media type term unmediated
Media type code n
Source rdamedia
338 ## - CARRIER TYPE
Carrier type term volume
Carrier type code nc
Source rdacarrier
500 ## - GENERAL NOTE
General note "Reprinted with corrections"--T.p. verso.
500 ## - GENERAL NOTE
General note Includes indexes.
650 #0 - SUBJECT ADDED ENTRY--TOPICAL TERM
Topical term or geographic name entry element Mathematics.
942 ## - ADDED ENTRY ELEMENTS (KOHA)
Source of classification or shelving scheme
Koha item type Book
Suppress in OPAC DO
949 ## - LOCAL PROCESSING INFORMATION (OCLC)
a QA 37.2 W37 2000
c 1
h UASC-B
i 0162027539319
Holdings
Withdrawn status Lost status Source of classification or shelving scheme Damaged status Not for loan Permanent Location Current Location Shelving location Date acquired Total Checkouts Full call number Barcode Date last seen Date last checked out Price effective from Koha item type Public note
          AU LIBRARY AU LIBRARY Open Shelf 29.06.2021 9 QA37.2 .W37 2000 28002548 13.10.2023 21.09.2023 29.06.2021 Book DO

Powered by Koha